Chemistry of heterocycles: Nomenclature and chemistry of three-to-five membered heterocycles (Record no. 1214451)

MARC details
000 -LEADER
fixed length control field 01099nam a2200313Ia 4500
003 - CONTROL NUMBER IDENTIFIER
control field OSt
005 - DATE AND TIME OF LATEST TRANSACTION
control field 20221007124957.0
008 - FIXED-LENGTH DATA ELEMENTS--GENERAL INFORMATION
fixed length control field 221006b |||||||| |||| 00| 0 eng d
020 ## - INTERNATIONAL STANDARD BOOK NUMBER
International Standard Book Number 9780081010334 (pbk)
037 ## - SOURCE OF ACQUISITION
Terms of availability Textual
040 ## - CATALOGING SOURCE
Original cataloging agency CDL
Transcribing agency CDL
Language of cataloging eng
041 ## - LANGUAGE CODE
Source of code eng
Language code of text/sound track or separate title eng
100 ## - MAIN ENTRY--PERSONAL NAME
Personal name Ram Vishnu Ji
9 (RLIN) 721173
245 #0 - TITLE STATEMENT
Title Chemistry of heterocycles: Nomenclature and chemistry of three-to-five membered heterocycles
Remainder of title Sethi Arun Nath Mahendra Pratap Ramendra
260 ## - PUBLICATION, DISTRIBUTION, ETC.
Place of publication, distribution, etc. Amsterdam
Name of publisher, distributor, etc. Elsevier
Date of publication, distribution, etc. 2019
300 ## - PHYSICAL DESCRIPTION
Extent xi, 489p. ill.
Dimensions cm.
500 ## - GENERAL NOTE
General note Include references; Index 479-489p.
650 ## - SUBJECT ADDED ENTRY--TOPICAL TERM
Topical term or geographic name entry element Heterocycles
650 ## - SUBJECT ADDED ENTRY--TOPICAL TERM
Topical term or geographic name entry element Chemistry
700 ## - ADDED ENTRY--PERSONAL NAME
Personal name Nath Mahendra
9 (RLIN) 721174
700 ## - ADDED ENTRY--PERSONAL NAME
Personal name Pratap Ramendra
9 (RLIN) 721175
700 ## - ADDED ENTRY--PERSONAL NAME
Personal name Sethi Arun
942 ## - ADDED ENTRY ELEMENTS (KOHA)
Classification part E8, Q9 Carc
Koha item type Textual
Source of classification or shelving scheme Colon Classification (CC)
Holdings
Withdrawn status Lost status Source of classification or shelving scheme Damaged status Not for loan Home library Current library Date acquired Source of acquisition Total Checkouts Full call number Barcode Date last seen Price effective from Koha item type
    Colon Classification (CC)     Department of Chemistry Library Department of Chemistry Library 2022-10-07 6015, 30/12/2019, Ashutosh Technical Books   E8 Q9 Carc CD0009410 2022-10-07 2022-10-07 Textual
Copyright @ Delhi University Library System